000 00339nam a2200133Ia 4500
008 250601s9999 xx 000 0 und d
020 _a9788175974852
041 _aeng
100 _aTejomayananda
_9185046
245 _aAmrtabindu Upanisad
250 _a1st Ed.
260 _bCentral Chinmaya Misssion trust, Mumbai
_c2010
300 _a79
999 _c366861
_d366861